Electronic chemistry of the nervous system /

Bibliographic Details
Main Author: Goudot-Perrot, Andrée
Format: Book
Language:English
French
Published: Stuttgart ; New York : Schattauer, 1985.
Subjects:

MARC

Tag First Indicator Second Indicator Subfields
LEADER 00000cam a2200000 a 4500
001 in00000027137
005 20230801181924.0
008 860522s1985 gw a b 001 0 eng
016 7 |a 8606688  |2 DNLM 
016 7 |a 850355060  |2 DE-101 
019 |a 13685869 
020 |a 9783794510184  |q (pbk.) 
020 |a 3794510186  |q (pbk.) 
029 0 |a NLM  |b 8606688 
029 1 |a AU@  |b 000004286510 
029 1 |a AU@  |b 000021956240 
029 1 |a AU@  |b 000057758549 
029 1 |a DEBBG  |b BV001034642 
029 1 |a GBVCP  |b 023000783 
029 1 |a NZ1  |b 3701492 
035 |a (OCoLC)ocm13699849  
035 |a (OCoLC)13699849  |z (OCoLC)13685869 
035 |a (OCoLC)ocm13699849  
040 |a NLM  |b eng  |c NLM  |d AZA  |d UMC  |d CGC  |d BAKER  |d YDXCP  |d DRB  |d AU@  |d TXJ  |d GBVCP  |d DEBBG  |d OCLCF  |d OCLCQ  |d OCLCO  |d OCLCQ  |d OCLCO 
041 1 |a eng  |a fre 
050 4 |a QP341  |b .G68 1985 
060 0 0 |a WL 104  |b G688c 1985a 
082 0 4 |a 612.8042  |2 19 
084 |a BIO 781f  |2 stub 
084 |a MED 602f  |2 stub 
084 |a MED 606f  |2 stub 
084 |a WW 2200  |2 rvk 
084 |a 33  |2 sdnb 
100 1 |a Goudot-Perrot, Andrée. 
240 1 0 |a Chimie électronique du système nerveux.  |l English 
245 1 0 |a Electronic chemistry of the nervous system /  |c by Andrée Goudot-Perot ; preface by Léon-Jacques Delpech ; translated by Owen Leeming. 
260 |a Stuttgart ;  |a New York :  |b Schattauer,  |c 1985. 
300 |a xiii, 217 pages :  |b illustrations 
336 |a text  |b txt  |2 rdacontent 
337 |a unmediated  |b n  |2 rdamedia 
338 |a volume  |b nc  |2 rdacarrier 
500 |a Translation of: La chimie électronique du système nerveux. 
504 |a Includes bibliographical references and index. 
650 0 |a Neurochemistry. 
650 0 |a Electrophysiology. 
650 2 |a Electrophysiology 
650 2 |a Neurochemistry 
650 6 |a Neurochimie. 
650 6 |a Électrophysiologie. 
650 7 |a Electrophysiology.  |2 fast  |0 (OCoLC)fst00907701 
650 7 |a Neurochemistry.  |2 fast  |0 (OCoLC)fst01036329 
650 7 |a Elektrochemie  |2 gnd 
650 7 |a Nervensystem  |2 gnd 
776 0 8 |i Online version:  |a Goudot-Perrot, Andrée.  |s Chimie électronique du système nerveux. English.  |t Electronic chemistry of the nervous system.  |d Stuttgart ; New York : Schattauer, 1985  |w (OCoLC)557959311 
776 0 8 |i Online version:  |a Goudot-Perrot, Andrée.  |s Chimie électronique du système nerveux. English.  |t Electronic chemistry of the nervous system.  |d Stuttgart ; New York : Schattauer, 1985  |w (OCoLC)607753931 
938 |a Baker & Taylor  |b BKTY  |c 35.00  |d 35.00  |i 3794510186  |n 0001083105  |s active 
938 |a YBP Library Services  |b YANK  |n 1253937 
948 |h HELD BY TXA - 102 OTHER HOLDINGS 
994 |a Z0  |b TXA 
999 f f |s 1e877779-13ce-3f7e-b7f5-2465b34bf150  |i d2579127-0cdc-395e-ba5f-0db77d46d946  |t 0 
952 f f |p ric  |a Texas A&M University  |b Rellis Campus  |c Joint Library Facility  |d Remote Storage  |t 0  |e QP356.3 .G6713 1985  |h Library of Congress classification  |i unmediated -- volume  |m A14811646866 
998 f f |a QP356.3 .G6713 1985  |t 0  |l Remote Storage